Технология керамических радиоэлектронных материалов

Λεπτομέρειες βιβλιογραφικής εγγραφής
Κύριος συγγραφέας: Поляков А. А. Анатолий Андреевис
Γλώσσα:Ρωσικά
Έκδοση: Москва, Радио и связь, 1989
Θέματα:
Μορφή: Βιβλίο
KOHA link:https://koha.lib.tpu.ru/cgi-bin/koha/opac-detail.pl?biblionumber=255127

MARC

LEADER 00000nam0a2200000 4500
001 255127
005 20231101233010.0
010 |a 5256003224 
035 |a (RuTPU)RU\TPU\book\277630 
090 |a 255127 
100 |a 20140326d1989 k y0rusy50 ca 
101 0 |a rus 
102 |a RU 
105 |a a z 001zy 
200 1 |a Технология керамических радиоэлектронных материалов  |f А. А. Поляков 
210 |a Москва  |c Радио и связь  |d 1989 
215 |a 200 с.  |c ил. 
320 |a Библиогр.: с.198-199 (59 назв.). 
606 1 |a Радиокерамика  |x Производство  |2 stltpush  |3 (RuTPU)RU\TPU\subj\34879  |9 56717 
610 1 |a керамика 
610 1 |a керамические материалы 
610 1 |a радиоэлектронные приборы 
610 1 |a ферритовые порошки 
610 1 |a вакуумная керамика 
610 1 |a интегральные схемы 
610 1 |a монокристаллы 
675 |a 666.65  |v 3 
700 1 |a Поляков  |b А. А.  |g Анатолий Андреевис 
801 1 |a RU  |b 63413507  |c 20140326 
801 2 |a RU  |b 63413507  |c 20140701  |g RCR 
942 |c BK